Hitman (La trilogie) - Statistiques

Statistiques générales
  • Ce quiz a été pris 119 fois
  • Le résultat moyen est 5 sur 15
Statistiques - réponses
Hint Réponse % Correct
Dans quelle ville l'agent 47 peut braquer une banque ? New York
94%
Sur quelle carte peut on se déguiser en médecin de la peste, ou encore en Mario et Luigi ? Sapienza
75%
Quelle organisation s'avère être le véritable ennemi de 47 ? Providence
60%
Combien y a t-il de cartes disponibles dans la campagne complète d'hitman ? (DLCs inclus) 23
38%
Par qui a été développée la série de jeux Hitman ? IO Interactive
37%
Que veut dire SA/SO dans Hitman ? Silent Assassin - Suit Only
37%
Quel est le nouveau mode arrivé sur Hitman 3 ? Le mode Freelancer
21%
Comment sont appeler les contrats annexes proposés par le jeu sur les cartes de la campagne ? Les Escalades
19%
Une fois arrivé devant le Constant dans le train aux Carpates quelle action, autre que de tuer le Constant, l'agent 47 peut-il faire ? (Cette action permet l'obtention d'une fin différente) S'injecter le serum
18%
Quelle carte de la campagne principale est la plus rapide en speedrun SA/SO professionnel ? (Le record du monde étant actuellement de 8 secondes) Dubai
15%
Comment s'appelle le pistolet le plus discret du jeu ? (Silencieux et Subsonique) Krugermeier 2-2
13%
Quelle est la particularité d'Hokkaido la première fois qu'on la joue ? Pas d'équipement
10%
Quel objet fût ajouté sur Hitman 2 mais ensuite retiré sur Hitman 3 car jugé beaucoup trop puissant ? Le téléphone électrifiant
8%
Pour quelle organisation travail l'agent 47 ? L'ICA
7%
Quel élément de décor utile à l'infiltration a été rajouté sur plusieurs cartes d'Hitman 1 lors de la sortie du 2e opus ? Des buissons
0%
Aucun quiz correspondant
Distribution des résultats
% des personnes avec chaque résultat
Percentile par nombre de réponses
Votre historique - résultats
Vous n’avez pas pris ce quiz